[Event "NRW Class1 1011"]
[Site "Germany"]
[Date "2010.09.26"]
[Round "1.2"]
[White "Wigger, Jochen"]
[Black "Seegers, Hendrik"]
[Result "1/2-1/2"]
[WhiteElo "2328"]
[BlackElo "2201"]
[PlyCount "100"]
[EventDate "2010.09.26"]
[EventType "team-tourn"]
[EventRounds "9"]
[EventCountry "GER"]
[SourceTitle "EXT 2012"]
[Source "ChessBase"]
[SourceDate "2011.11.24"]
[SourceVersion "1"]
[SourceVersionDate "2011.11.24"]
[SourceQuality "1"]
[WhiteTeam "Solingen III"]
[BlackTeam "Neuenkirchen"]
[WhiteTeamCountry "GER"]
[BlackTeamCountry "GER"]

1. Nf3 d5 2. g3 c5 3. Bg2 Nc6 4. d4 Bg4 5. Ne5 Nxe5 6. dxe5 e6 7. c4 Ne7 8. 0-0 Qd7 9. h3 Bh5 10. cxd5 Nxd5 11. g4 Bg6 12. e4 Nb6 13. Qxd7+ Nxd7 14. f4 f6 15. exf6 gxf6 16. e5 Bd3 17. Re1 0-0-0 18. exf6 Nxf6 19. Nc3 Bc4 20. b3 Bd5 21. Bb2 Bxg2 22. Kxg2 Rd2+ 23. Re2 Rxe2+ 24. Nxe2 Bg7 25. Rc1 b6 26. b4 Rd8 27. g5 Nh5 28. Bxg7 Nxg7 29. bxc5 b5 30. Rc2 Nf5 31. Rb2 a6 32. Nc3 Rd3 33. Ne4 Ne3+ 34. Kh2 Nd5 35. Rf2 Rd4 36. Nf6 Nxf6 37. gxf6 Kd7 38. Kg3 Rc4 39. f5 e5 40. Rd2+ Ke8 41. Rd6 a5 42. c6 Kf7 43. Kf3 a4 44. Ke3 b4 45. Re6 b3 46. axb3 axb3 47. Rxe5 Rxc6 48. Rb5 Rc3+ 49. Kf4 Rxh3 50. Ke5 Re3+ 1/2-1/2

[Event "Neckar op-A 14th"]
[Site "Deizisau"]
[Date "2010.04.03"]
[Round "4"]
[White "Wigger, Jochen"]
[Black "Buhmann, Rainer"]
[Result "0-1"]
[WhiteElo "2316"]
[BlackElo "2587"]
[PlyCount "96"]
[EventDate "2010.04.01"]
[EventType "swiss"]
[EventRounds "9"]
[EventCountry "GER"]
[SourceTitle "CBM 135 Extra"]
[Source "ChessBase"]
[SourceDate "2010.05.04"]
[SourceVersion "1"]
[SourceVersionDate "2010.05.04"]
[SourceQuality "1"]

1. d4 d5 2. c4 c6 3. Nf3 Nf6 4. e3 a6 5. Bd3 Bg4 6. Nbd2 Nbd7 7. Qc2 dxc4 8. Bxc4 e6 9. 0-0 c5 10. a4 Rc8 11. Qd3 cxd4 12. exd4 Be7 13. b3 0-0 14. Bb2 Qc7 15. Rac1 Qf4 16. Rfe1 Bb4 17. Bc3 Bxc3 18. Rxc3 Bf5 19. Qe3 Qxe3 20. Rcxe3 Rfd8 21. h3 Bg6 22. Nb1 Nb6 23. Na3 Kf8 24. Rd1 Nfd5 25. Ree1 Nxc4 26. bxc4 Nc3 27. Rd2 Nxa4 28. Ne5 Nc5 29. Kf1 Rc7 30. Re3 Nd7 31. Nf3 Nf6 32. g4 Rb8 33. Rb2 b5 34. cxb5 Nd5 35. Reb3 Nf4 36. Kg1 axb5 37. Kh2 b4 38. Ne5 Nd5 39. Nac4 f6 40. Nxg6+ hxg6 41. Ne3 Rc3 42. Kg2 Rxb3 43. Rxb3 Ke7 44. Nxd5+ exd5 45. Kf3 Kd6 46. Ke3 Kc6 47. Kd3 Kb5 48. Rb1 Rc8 0-1

[Event "Solingen-ch"]
[Site "Solingen"]
[Date "2009.09.15"]
[Round "2"]
[White "Wigger, Jochen"]
[Black "Gerdau, Andreas"]
[Result "1-0"]
[WhiteElo "2312"]
[BlackElo "1999"]
[PlyCount "55"]
[EventDate "2009.09.15"]
[EventType "swiss"]
[EventRounds "7"]
[EventCountry "GER"]
[SourceTitle "EXT 2011"]
[Source "ChessBase"]
[SourceDate "2010.11.26"]
[SourceVersion "1"]
[SourceVersionDate "2010.11.26"]
[SourceQuality "1"]

1. b3 e5 2. Bb2 Nc6 3. e3 d5 4. Bb5 Bd6 5. Nf3 Qe7 6. c4 dxc4 7. bxc4 Nf6 8. c5 Bxc5 9. Nxe5 0-0 10. Bxc6 bxc6 11. 0-0 Bd6 12. Nf3 Ba6 13. Re1 Rab8 14. Bxf6 Qxf6 15. d4 c5 16. Nbd2 Bd3 17. dxc5 Be5 18. Nxe5 Qxe5 19. Nf3 Qe4 20. Qd2 Rb4 21. Nd4 Rc4 22. Rac1 Rb8 23. a3 Ra4 24. f3 Qg6 25. Rc3 Bf5 26. Rd1 h6 27. e4 Be6 28. Nc6 1-0

[Event "Maastricht Limburg op 3rd"]
[Site "Maastricht"]
[Date "2009.05.30"]
[Round "2"]
[White "Wigger, Jochen"]
[Black "Van Gool, Henk"]
[Result "1-0"]
[WhiteElo "2309"]
[BlackElo "2125"]
[PlyCount "117"]
[EventDate "2009.05.29"]
[EventType "swiss"]
[EventRounds "7"]
[EventCountry "NED"]
[SourceTitle "CBM 130 Extra"]
[Source "ChessBase"]
[SourceDate "2009.07.02"]
[SourceVersion "2"]
[SourceVersionDate "2009.07.15"]
[SourceQuality "1"]

1. Nf3 d5 2. g3 c6 3. Bg2 Bg4 4. d4 Nd7 5. Nbd2 Ngf6 6. 0-0 e6 7. Re1 Be7 8. e4 dxe4 9. Nxe4 Nxe4 10. Rxe4 Nf6 11. Re1 0-0 12. c3 h6 13. Qb3 Bxf3 14. Bxf3 Qb6 15. Qxb6 axb6 16. c4 Rfd8 17. Be3 Rd7 18. a4 Ra6 19. b3 Bb4 20. Red1 Kf8 21. Rac1 Ra8 22. Kf1 Rc8 23. Ke2 Ke7 24. g4 g5 25. Rh1 Bd6 26. h4 Rg8 27. hxg5 hxg5 28. Bd2 e5 29. Bc3 e4 30. Bg2 Bf4 31. Rcd1 Rdd8 32. Rde1 b5 33. Bxe4 Nxe4 34. Kd3 bxc4+ 35. bxc4 Kd7 36. Rxe4 Rh8 37. Ree1 Rh4 38. Rxh4 gxh4 39. Rh1 Rh8 40. Rh3 Bg5 41. Ke4 Bf6 42. Bd2 Re8+ 43. Kd3 Ra8 44. g5 Bd8 45. Rxh4 Rxa4 46. Rh8 b5 47. c5 Ra3+ 48. Ke4 Ra2 49. Be3 b4 50. Rh1 Re2 51. Rb1 Ba5 52. f4 Ra2 53. f5 Ke7 54. d5 cxd5+ 55. Kxd5 Re2 56. Bd4 Rg2 57. Ra1 Rxg5 58. Rxa5 Rxf5+ 59. Kc4 1-0

[Event "Maastricht Limburg op 3rd"]
[Site "Maastricht"]
[Date "2009.05.29"]
[Round "1"]
[White "Ernst, Sipke"]
[Black "Wigger, Jochen"]
[Result "1/2-1/2"]
[WhiteElo "2582"]
[BlackElo "2309"]
[PlyCount "96"]
[EventDate "2009.05.29"]
[EventType "swiss"]
[EventRounds "7"]
[EventCountry "NED"]
[SourceTitle "CBM 130 Extra"]
[Source "ChessBase"]
[SourceDate "2009.07.02"]
[SourceVersion "2"]
[SourceVersionDate "2009.07.15"]
[SourceQuality "1"]

1. Nf3 d5 2. d4 Nf6 3. c4 c6 4. e3 a6 5. Bd3 Bg4 6. Nbd2 e6 7. Qc2 Nbd7 8. c5 Bxf3 9. Nxf3 g6 10. b4 Bg7 11. Bb2 0-0 12. h3 Ne8 13. a4 Qe7 14. 0-0 e5 15. dxe5 Nxe5 16. Bxe5 Bxe5 17. Rab1 Nf6 18. b5 axb5 19. axb5 Rfc8 20. Rfc1 Nd7 21. Nd4 Bxd4 22. exd4 Qf6 23. Rb4 Nf8 24. Qb2 Ne6 25. Bf1 Kg7 26. Rd1 Ra7 27. Rb3 Ra4 28. Rf3 Qd8 29. g3 Ng5 30. Rfd3 Rca8 31. Qe2 Qf6 32. h4 Ne4 33. Rf3 Qe6 34. Bg2 Ra2 35. Qe1 Qd7 36. bxc6 bxc6 37. Qe3 Rc2 38. Qf4 Raa2 39. Rf1 h5 40. Qe5+ f6 41. Qf4 Qf7 42. Qb8 Nd2 43. Qd6 Nxf3+ 44. Bxf3 Qe8 45. Qc7+ Kg8 46. Qd6 Kg7 47. Qc7+ Kg8 48. Qd6 Kf7 1/2-1/2

[Event "Dresden ZMD op"]
[Site "Dresden"]
[Date "2008.07.27"]
[Round "9"]
[White "Miezis, Normunds"]
[Black "Wigger, Jochen"]
[Result "1/2-1/2"]
[WhiteElo "2540"]
[BlackElo "2291"]
[PlyCount "83"]
[EventDate "2008.07.19"]
[EventType "swiss"]
[EventRounds "9"]
[EventCountry "GER"]
[SourceTitle "CBM 125 Extra"]
[Source "ChessBase"]
[SourceDate "2008.09.01"]
[SourceVersion "1"]
[SourceVersionDate "2008.09.01"]
[SourceQuality "1"]

1. c4 c6 2. e4 d5 3. cxd5 cxd5 4. exd5 Nf6 5. Bb5+ Nbd7 6. Nc3 a6 7. Qa4 Rb8 8. Bxd7+ Qxd7 9. Qb3 b5 10. Nf3 Bb7 11. Ne5 Qd6 12. d4 Bxd5 13. Nxd5 Qxd5 14. 0-0 e6 15. Bg5 Bd6 16. Bxf6 Qxb3 17. axb3 gxf6 18. Ng4 f5 19. Ne3 Rb6 20. Rfd1 Ke7 21. Rac1 Rd8 22. g3 Bb8 23. Nc2 a5 24. Ra1 Rc6 25. Ne3 f4 26. Ng2 fxg3 27. hxg3 Bc7 28. Ne1 Bb6 29. Nf3 Rc2 30. Rab1 f6 31. Kf1 Rd5 32. Rd3 b4 33. Ne1 Rc8 34. Rbd1 Rcd8 35. Nc2 Kf7 36. Ke2 h5 37. f4 Kg6 38. R1d2 R8d7 39. Rd1 Rd8 40. R1d2 R8d7 41. Rd1 Rd8 42. R1d2 1/2-1/2

[Event "Dresden ZMD op"]
[Site "Dresden"]
[Date "2008.07.23"]
[Round "5"]
[White "Wigger, Jochen"]
[Black "Doberitz, Paul"]
[Result "1-0"]
[WhiteElo "2291"]
[BlackElo "2113"]
[PlyCount "79"]
[EventDate "2008.07.19"]
[EventType "swiss"]
[EventRounds "9"]
[EventCountry "GER"]
[SourceTitle "CBM 125 Extra"]
[Source "ChessBase"]
[SourceDate "2008.09.01"]
[SourceVersion "1"]
[SourceVersionDate "2008.09.01"]
[SourceQuality "1"]

1. d4 Nf6 2. Bg5 Ne4 3. Bf4 d5 4. e3 Bf5 5. Bd3 e6 6. f3 Nd6 7. Ne2 Nc6 8. Nbc3 Bxd3 9. cxd3 Nf5 10. Kf2 Bd6 11. Bxd6 Qxd6 12. Ng3 0-0 13. Re1 Rfe8 14. Nxf5 exf5 15. f4 Re7 16. Qf3 Nb4 17. Rad1 Rae8 18. Re2 c6 19. a3 Na6 20. Rg1 Re6 21. h3 Nc7 22. g4 fxg4 23. hxg4 c5 24. dxc5 Qxc5 25. d4 Qd6 26. g5 f5 27. gxf6 Rxf6 28. Ke1 b5 29. Rg5 Rfe6 30. Kf2 Qe7 31. Nxd5 Nxd5 32. Qxd5 Kh8 33. Qf3 a6 34. Qg3 h6 35. Re5 Rxe5 36. dxe5 g5 37. Qh3 Kg7 38. Rc2 Rf8 39. Rc6 Rh8 40. Qf5 1-0

[Event "Boeblingen op 24th"]
[Site "Boeblingen"]
[Date "2007.12.30"]
[Round "8"]
[White "Wigger, Jochen"]
[Black "Hirneise, Jens"]
[Result "1/2-1/2"]
[WhiteElo "2297"]
[BlackElo "2119"]
[PlyCount "82"]
[EventDate "2007.12.26"]
[EventType "swiss"]
[EventRounds "9"]
[EventCountry "GER"]
[SourceTitle "CBM 122 Extra"]
[Source "ChessBase"]
[SourceDate "2008.03.04"]
[SourceVersion "1"]
[SourceVersionDate "2008.03.04"]
[SourceQuality "1"]

1. d4 Nf6 2. Bg5 Ne4 3. Bf4 c5 4. f3 Nf6 5. dxc5 e5 6. Bxe5 Bxc5 7. Bd4 Qb6 8. Bxc5 Qxc5 9. e4 d5 10. Nc3 dxe4 11. Bb5+ Nc6 12. Qe2 0-0 13. Bxc6 exf3 14. Nxf3 bxc6 15. 0-0-0 Rb8 16. Qd2 Qb4 17. b3 Qa3+ 18. Kb1 c5 19. Rhe1 Be6 20. Re3 Rb4 21. Qc1 Qa6 22. Qb2 h6 23. Ne5 Rd4 24. Red3 Rfd8 25. Qc1 Bf5 26. Rxd4 Rxd4 27. Nf3 Rxd1 28. Qxd1 Ne4 29. Nxe4 Bxe4 30. g3 Qf6 31. Nd2 Bg6 32. Qe2 Qc3 33. Nc4 Kh7 34. g4 f5 35. Ne5 fxg4 36. Nxg6 Kxg6 37. Qxg4+ Kf6 38. Qf4+ Ke6 39. Qg4+ Kf6 40. Qf4+ Ke6 41. Qg4+ Kf6 1/2-1/2

[Event "Boeblingen op 24th"]
[Site "Boeblingen"]
[Date "2007.12.29"]
[Round "6"]
[White "Wigger, Jochen"]
[Black "Naumann, Alexander"]
[Result "1/2-1/2"]
[WhiteElo "2297"]
[BlackElo "2548"]
[PlyCount "37"]
[EventDate "2007.12.26"]
[EventType "swiss"]
[EventRounds "9"]
[EventCountry "GER"]
[SourceTitle "CBM 122 Extra"]
[Source "ChessBase"]
[SourceDate "2008.03.04"]
[SourceVersion "1"]
[SourceVersionDate "2008.03.04"]
[SourceQuality "1"]

1. d4 Nf6 2. Bg5 e6 3. e4 c5 4. e5 h6 5. Bc1 Nd5 6. c4 Ne7 7. d5 d6 8. exd6 Nf5 9. Bd3 Bxd6 10. Bxf5 exf5 11. Ne2 Qh4 12. Qd3 Nd7 13. b3 Ne5 14. Qc3 0-0 15. Bb2 f4 16. Nd2 Bf5 17. 0-0 Qg4 18. f3 Qg5 19. Ne4 1/2-1/2

[Event "Goch op 18th"]
[Site "Goch"]
[Date "2007.10.07"]
[Round "7"]
[White "Wigger, Jochen"]
[Black "Thevessen, Hubert"]
[Result "1-0"]
[WhiteElo "2297"]
[BlackElo "2011"]
[PlyCount "47"]
[EventDate "2007.10.04"]
[EventType "swiss"]
[EventRounds "7"]
[EventCountry "GER"]
[SourceTitle "EXT 2011"]
[Source "ChessBase"]
[SourceDate "2010.11.26"]
[SourceVersion "1"]
[SourceVersionDate "2010.11.26"]
[SourceQuality "1"]

1. f4 d5 2. Nf3 Nf6 3. e3 Bf5 4. b3 c5 5. Bb5+ Nbd7 6. Bb2 a6 7. Bxd7+ Qxd7 8. d3 b5 9. Nbd2 Qb7 10. h3 h5 11. 0-0 Rd8 12. a4 Qc8 13. axb5 axb5 14. Ne5 Bxh3 15. gxh3 Qxh3 16. Qf3 Qh4 17. Rf2 Ng4 18. Rg2 e6 19. Nxg4 hxg4 20. Qxg4 Qh1+ 21. Kf2 Qh4+ 22. Qxh4 Rxh4 23. Bxg7 Be7 24. Nf3 1-0